|
|
|
|
| LEADER |
00642cam a2200181 7i4500 |
| 001 |
0000038260 |
| 005 |
20140701090000.0 |
| 020 |
# |
0 |
|a 1860941885
|
| 090 |
0 |
0 |
|a HD 30.28
|b F931
|
| 245 |
0 |
0 |
|a From knowledge management to strategic competence :
|b measuring technological, market and organizational innovation
|c edited by Joe Tidd.
|
| 260 |
# |
# |
|a UK:
|b ICP,
|c 2000.
|
| 300 |
# |
# |
|a x, 350 p.:
|b ill.;
|c 23 cm..
|
| 590 |
# |
# |
|a Pusat Pengajian Pembangunan Sosial dan Ekonomi
|
| 650 |
0 |
0 |
|a Core competencies
|
| 650 |
0 |
0 |
|a Organizational learning
|
| 650 |
0 |
0 |
|a Strategic planning
|
| 700 |
1 |
1 |
|a Tidd,
|h Joseph
|
| 999 |
|
|
|a 1100025768
|b Book
|c Open Shelf
|e KOLEKSI TERBUKA
|